[Event "28. Erfurter Schachfestival 2018 - Meisterturnier"]
[Site "Erfurt"]
[Date "2018.12.27"]
[Round "2"]
[Board "5"]
[White "Muckle, Julius"]
[Black "Hundack, Rolf"]
[Result "1-0"]
[WhiteElo "2349"]
[BlackElo "2125"]
[PlyCount "79"]
[EventDate "2018.12.26"]
[EventRounds "8"]
[EventCountry "GER"]

1. d4 Nf6 2. c4 e5 3. dxe5 Ng4 4. Bf4 Nc6 5. Nf3 Bb4+ 6. Nc3 Qe7 7. Qd5 Bxc3+
8. bxc3 f6 9. e6 dxe6 10. Qh5+ g6 11. Qxg4 e5 12. Qg3 exf4 13. Qxf4 O-O 14. Nd4
Ne5 15. e4 c5 16. Nf3 g5 17. Qg3 Ng6 18. O-O-O Qxe4 19. h4 g4 20. h5 Qf4+ 21.
Nd2 Qxg3 22. fxg3 Ne5 23. Ne4 Be6 24. Nxc5 Bxc4 25. Bxc4+ Nxc4 26. Rd4 Ne5 27.
Nxb7 Rfc8 28. Kc2 Rc7 29. Nd6 Rd8 30. Rf1 Rf8 31. Rf5 Rg7 32. Ne4 Rgf7 33. h6
Ng6 34. Rd6 Re7 35. Nxf6+ Kh8 36. Rfd5 Re3 37. Rd8 Re2+ 38. Kb3 Re6 39. Rxf8+
Nxf8 40. Nxg4  1-0

[Event "28. Erfurter Schachfestival 2018 - Meisterturnier"]
[Site "Erfurt"]
[Date "2018.12.27"]
[Round "2"]
[Board "6"]
[White "Engers, Felix"]
[Black "Lubbe, Melanie"]
[Result "1-0"]
[WhiteElo "2117"]
[BlackElo "2345"]
[PlyCount "105"]
[EventDate "2018.12.26"]
[EventRounds "8"]
[EventCountry "GER"]

1. c4 Nf6 2. g3 g6 3. Bg2 Bg7 4. Nc3 O-O 5. d3 d6 6. Rb1 e5 7. b4 c6 8. e4 Ne8
9. Nge2 f5 10. f4 exf4 11. Bxf4 g5 12. Bd2 fxe4 13. Nxe4 h6 14. h4 g4 15. Bf4
Nd7 16. Qd2 Ne5 17. O-O Kh7 18. Qc2 Bf5 19. Nd4 Bd7 20. Ne2 Ng6 21. Bxd6 Nxd6
22. Nxd6 Qe7 23. c5 Qe3+ 24. Kh1 Kh8 25. Be4 Ne5 26. d4 Nf3 27. Nc4 Nxd4 28.
Nxe3 Nxc2 29. Nxc2 Rae8 30. Bd3 Rf3 31. Rxf3 gxf3 32. Nf4 Bc3 33. Kg1 a6 34.
Kf2 Bg4 35. Rb3 Bd2 36. Bf1 Re4 37. a3 Kg7 38. Rd3 Bc1 39. Rd1 Bb2 40. Nd3 Bc3
41. Nde1 a5 42. Bd3 Re7 43. Nxf3 Rf7 44. Be4 Re7 45. Rd3 Bb2 46. Nd2 Bc1 47.
Ne3 Bxd2 48. Nxg4 Rxe4 49. Kf3 Rc4 50. Rxd2 axb4 51. Rd7+ Kf8 52. axb4 Rxb4 53.
Nf6  1-0

[Event "28. Erfurter Schachfestival 2018 - Meisterturnier"]
[Site "Erfurt"]
[Date "2018.12.27"]
[Round "2"]
[Board "7"]
[White "Osmanodja, Filiz"]
[Black "Gressmann, Moritz"]
[Result "1-0"]
[WhiteElo "2318"]
[BlackElo "2124"]
[PlyCount "71"]
[EventDate "2018.12.26"]
[EventRounds "8"]
[EventCountry "GER"]

1. e4 e5 2. Nf3 Nc6 3. Bb5 a6 4. Ba4 Nf6 5. O-O Be7 6. Re1 b5 7. Bb3 d6 8. c3
O-O 9. h3 Na5 10. Bc2 c5 11. d4 Nd7 12. dxc5 dxc5 13. Nbd2 Bb7 14. Nf1 Qc7 15.
Ne3 Nf6 16. Nd5 Qd6 17. Nxe7+ Qxe7 18. Bg5 h6 19. Bh4 Rfd8 20. Qe2 Nc4 21. b3
Nd6 22. Nd2 g5 23. Bg3 Nd7 24. Rad1 Nf8 25. Qh5 Kg7 26. Nf1 Qe6 27. h4 f6 28.
Ne3 Nxe4 29. Bh2 Nxc3 30. Rxd8 Rxd8 31. Nf5+ Kg8 32. Nxh6+ Kg7 33. hxg5 Rd5 34.
gxf6+ Qxf6 35. Bxe5 Rxe5 36. Rxe5  1-0

[Event "28. Erfurter Schachfestival 2018 - Meisterturnier"]
[Site "Erfurt"]
[Date "2018.12.27"]
[Round "2"]
[Board "8"]
[White "Schupp, Uwe"]
[Black "Derichs, Roger"]
[Result "1-0"]
[WhiteElo "2103"]
[BlackElo "2295"]
[PlyCount "69"]
[EventDate "2018.12.26"]
[EventRounds "8"]
[EventCountry "GER"]

1. Nf3 e6 2. g3 f5 3. Bg2 Nf6 4. c4 d5 5. O-O c6 6. b3 Bd6 7. Bb2 Nbd7 8. d3
O-O 9. Nbd2 Ng4 10. cxd5 exd5 11. Qc2 f4 12. Rae1 fxg3 13. hxg3 Qe8 14. e4 Qh5
15. exd5 cxd5 16. Re2 Nb6 17. Qc3 Qh6 18. Rfe1 Bd7 19. Qd4 Rf7 20. Nf1 Raf8 21.
Ne3 Qh5 22. Nf1 Bc6 23. Re6 Bc7 24. Re7 Nd7 25. Qxg7+ Rxg7 26. Rxg7+ Kh8 27.
Rg5+ Be5 28. Nxe5 Qxg5 29. Nf7+ Kg8 30. Nxg5 Rxf2 31. Bd4 Rxa2 32. Re7 Ndf6 33.
Nxh7 Nxh7 34. Rg7+ Kf8 35. Rxg4  1-0

[Event "28. Erfurter Schachfestival 2018 - Meisterturnier"]
[Site "Erfurt"]
[Date "2018.12.27"]
[Round "2"]
[Board "9"]
[White "Pallas, Sebastian"]
[Black "Pubantz, Jan"]
[Result "1-0"]
[WhiteElo "2292"]
[BlackElo "2102"]
[PlyCount "93"]
[EventDate "2018.12.26"]
[EventRounds "8"]
[EventCountry "GER"]

1. e4 c5 2. Nf3 d6 3. d4 cxd4 4. Nxd4 Nf6 5. Nc3 a6 6. Bg5 e6 7. f4 Qc7 8. Qf3
Nbd7 9. O-O-O b5 10. Bd3 Bb7 11. Rhe1 Qb6 12. Nb3 Rc8 13. Qe3 Be7 14. Qxb6 Nxb6
15. Bh4 Rxc3 16. bxc3 Na4 17. Kd2 Kd7 18. Bf2 Ng4 19. Bg1 Bf6 20. e5 dxe5 21.
h3 Nh6 22. fxe5 Bh4 23. Re2 Rc8 24. Be4 Bxe4 25. Rxe4 Nf5 26. g4 Ne7 27. Rxa4
bxa4 28. Nc5+ Kc6 29. c4 Ng6 30. Nd3 Bg3 31. Bd4 Rd8 32. Kc3 Rd7 33. Rb1 Rb7
34. Rg1 Bh4 35. Nb4+ Kd7 36. Nxa6 Be7 37. Rd1 Kc8 38. c5 Ra7 39. Nb4 Nf4 40.
Kc4 Rc7 41. Rf1 Nxh3 42. Rxf7 Ng5 43. Rxg7 Rd7 44. c3 Nf3 45. c6 Rc7 46. Rg8+
Bd8 47. Kb5  1-0

[Event "28. Erfurter Schachfestival 2018 - Meisterturnier"]
[Site "Erfurt"]
[Date "2018.12.27"]
[Round "2"]
[Board "10"]
[White "Steinacker, Alex"]
[Black "Schroeder, Juergen"]
[Result "1-0"]
[WhiteElo "2278"]
[BlackElo "2102"]
[PlyCount "74"]
[EventDate "2018.12.26"]
[EventRounds "8"]
[EventCountry "GER"]

1. g3 g6 2. Bg2 Bg7 3. Nf3 d6 4. c4 c6 5. Nc3 Nd7 6. d3 Ngf6 7. O-O O-O 8. Rb1
a5 9. a3 e5 10. b4 axb4 11. axb4 Re8 12. Qc2 d5 13. cxd5 Nxd5 14. Ne4 Qe7 15.
b5 c5 16. Nfd2 N7f6 17. Nxf6+ Nxf6 18. Nb3 Bg4 19. h3 Be6 20. Qxc5 Ra2 21. Qxe7
Rxe7 22. Nc5 Nd5 23. Bb2 b6 24. Nxe6 fxe6 25. Rfc1 Nc7 26. Bc6 Rf7 27. e4 Bf8
28. Rc2 Ba3 29. Rd2 Bb4 30. Re2 Rf3 31. Ra1 Rxa1+ 32. Bxa1 Rxd3 33. Bxe5 Bd6
34. Bf6 Rb3 35. Rd2 Bc5 36. Rd8+ Kf7 37. e5 Nxb5  1-0

[Event "28. Erfurter Schachfestival 2018 - Meisterturnier"]
[Site "Erfurt"]
[Date "2018.12.27"]
[Round "2"]
[Board "11"]
[White "Schmidt, Markus"]
[Black "Wichmann, Cliff"]
[Result "1/2-1/2"]
[WhiteElo "2089"]
[BlackElo "2266"]
[PlyCount "26"]
[EventDate "2018.12.26"]
[EventRounds "8"]
[EventCountry "GER"]

1. c4 e6 2. g3 d5 3. Bg2 Nf6 4. Nf3 Be7 5. O-O O-O 6. b3 c5 7. cxd5 Nxd5 8. Bb2
Nc6 9. d4 cxd4 10. Nxd4 Bd7 11. Nc3 Nxc3 12. Bxc3 Rc8 13. Rc1 Be8  1/2-1/2

[Event "28. Erfurter Schachfestival 2018 - Meisterturnier"]
[Site "Erfurt"]
[Date "2018.12.27"]
[Round "2"]
[Board "12"]
[White "Garzinsky, Dominik"]
[Black "Biebinger, Gerhard"]
[Result "1-0"]
[WhiteElo "2085"]
[BlackElo "2263"]
[PlyCount "101"]
[EventDate "2018.12.26"]
[EventRounds "8"]
[EventCountry "GER"]

1. c4 g6 2. Nc3 Bg7 3. g3 Nf6 4. Bg2 O-O 5. Rb1 c6 6. e4 d5 7. cxd5 cxd5 8. e5
Ne4 9. Qb3 Nc5 10. Qxd5 Nd3+ 11. Kf1 Nxe5 12. d4 Ned7 13. Be3 Nc6 14. Nge2 e6
15. Qb5 Nb6 16. Rd1 a6 17. Qc5 Nd7 18. Qa3 Na5 19. b3 Re8 20. h4 Nf6 21. d5
exd5 22. Nxd5 Nxd5 23. Bxd5 Be6 24. Nf4 Qc7 25. Nxe6 fxe6 26. Be4 Qe5 27. Bg2
Nc6 28. Qc5 Qb2 29. Rd2 Qa1+ 30. Ke2 Qf6 31. h5 Rac8 32. hxg6 hxg6 33. Qg5 Qf5
34. g4 Qf7 35. Be4 Ne7 36. Rd7 Qf6 37. Qxf6 Bxf6 38. Rxb7 Kg7 39. Ra7 Bc3 40.
Rc1 e5 41. Bg5 Kf8 42. Rh1 Bd4 43. Rxa6 Kg7 44. Re6 Kf7 45. Rd6 Rh8 46. Rd7
Rxh1 47. Rxe7+ Kf8 48. Bxh1 Rc2+ 49. Kd3 Rxa2 50. Re6 Rxf2 51. Rf6+  1-0

[Event "28. Erfurter Schachfestival 2018 - Meisterturnier"]
[Site "Erfurt"]
[Date "2018.12.27"]
[Round "2"]
[Board "13"]
[White "Mooser, Stefan"]
[Black "Rensch, Toralf"]
[Result "1/2-1/2"]
[WhiteElo "2255"]
[BlackElo "2101"]
[PlyCount "22"]
[EventDate "2018.12.26"]
[EventRounds "8"]
[EventCountry "GER"]

1. d4 Nf6 2. c4 e5 3. dxe5 Ng4 4. Bf4 g5 5. Bg3 Bg7 6. Nf3 Nc6 7. Nc3 Ngxe5 8.
Nxe5 Nxe5 9. e3 d6 10. Be2 Be6 11. O-O O-O  1/2-1/2

[Event "28. Erfurter Schachfestival 2018 - Meisterturnier"]
[Site "Erfurt"]
[Date "2018.12.27"]
[Round "2"]
[Board "14"]
[White "Bleecke, Sebastian"]
[Black "Zeier, Klaus"]
[Result "0-1"]
[WhiteElo "2083"]
[BlackElo "2247"]
[PlyCount "98"]
[EventDate "2018.12.26"]
[EventRounds "8"]
[EventCountry "GER"]

1. d4 Nf6 2. c4 e6 3. Nc3 Bb4 4. e3 b6 5. Nge2 c5 6. a3 Ba5 7. Rb1 Qe7 8. Bd2
O-O 9. g3 Bxc3 10. Nxc3 cxd4 11. exd4 Bb7 12. f3 d5 13. cxd5 Nxd5 14. Bc4 Qf6
15. Bxd5 exd5 16. Be3 Qe6 17. Kf2 Nc6 18. Qd3 a5 19. Qb5 Ne7 20. Rhe1 Ba6 21.
Qb3 Qc6 22. Bg5 Bc4 23. Qc2 f6 24. Bf4 Ng6 25. Qf5 Nxf4 26. Qxf4 Qd7 27. Re3
Rae8 28. Rbe1 Rxe3 29. Qxe3 Kf7 30. g4 h5 31. Qf4 g5 32. Qg3 h4 33. Qg1 Qd6 34.
Kg2 Re8 35. Rxe8 Kxe8 36. Qe3+ Kf7 37. Nd1 Bb5 38. Nc3 Bc4 39. Nd1 Bb5 40. Nc3
Bd7 41. Nd1 Qc7 42. Qd2 Bb5 43. Nc3 Ba6 44. Qc2 Kg7 45. Qd2 h3+ 46. Kg1 Qc4 47.
Qf2 Qd3 48. Kh1 Bc4 49. Kg1 b5  0-1

[Event "28. Erfurter Schachfestival 2018 - Meisterturnier"]
[Site "Erfurt"]
[Date "2018.12.27"]
[Round "2"]
[Board "15"]
[White "Schulz, Karsten"]
[Black "Schulte, Felix"]
[Result "1-0"]
[WhiteElo "2240"]
[BlackElo "2087"]
[PlyCount "57"]
[EventDate "2018.12.26"]
[EventRounds "8"]
[EventCountry "GER"]

1. Nf3 d5 2. c4 c6 3. g3 Nf6 4. Bg2 Nbd7 5. O-O g6 6. b3 Bg7 7. Bb2 O-O 8. Qc2
Re8 9. Nc3 e5 10. cxd5 Nxd5 11. d3 Nf8 12. a3 Bg4 13. Rac1 Rc8 14. b4 Qd7 15.
Ne4 f5 16. Nc5 Qe7 17. e4 Nb6 18. exf5 gxf5 19. Rfe1 Ng6 20. Nxe5 Nxe5 21. Bxe5
Bxe5 22. d4 Qg7 23. dxe5 Rxe5 24. Rxe5 Qxe5 25. Nxb7 Nd5 26. Qd2 Re8 27. b5 Nc7
28. bxc6 Qb5 29. Nd6  1-0

[Event "28. Erfurter Schachfestival 2018 - Meisterturnier"]
[Site "Erfurt"]
[Date "2018.12.27"]
[Round "2"]
[Board "16"]
[White "Stotyn, Fabian"]
[Black "Kurze, Christoph"]
[Result "1/2-1/2"]
[WhiteElo "2227"]
[BlackElo "2028"]
[PlyCount "115"]
[EventDate "2018.12.26"]
[EventRounds "8"]
[EventCountry "GER"]

1. e4 e6 2. c4 d5 3. Nc3 dxe4 4. Nxe4 c5 5. Nf3 Nc6 6. b3 Nf6 7. Ng3 Bd6 8. Bb2
O-O 9. Be2 e5 10. O-O Re8 11. d3 Bd7 12. Ng5 Qc7 13. Bf3 h6 14. Bxc6 Bxc6 15.
N5e4 Be7 16. Qf3 Nxe4 17. dxe4 Rad8 18. Nf5 Bg5 19. h4 Bf4 20. g3 Bd2 21. g4 g6
22. Ng3 Qe7 23. h5 Qg5 24. Rad1 Bf4 25. Ne2 gxh5 26. Nxf4 hxg4 27. Qg2 exf4 28.
Rxd8 Rxd8 29. f3 gxf3 30. Qxg5+ hxg5 31. Bf6 Rd2 32. Rxf3 Bxe4 33. Rh3 Rd1+ 34.
Kf2 Rh1 35. Rxh1 Bxh1 36. Bxg5 Be4 37. a3 Bc2 38. b4 Bd3 39. bxc5 Bxc4 40. Bxf4
Bb3 41. Ke3 Kg7 42. Be5+ Kg6 43. Kf4 f6 44. Bd4 a6 45. Be3 Bc2 46. Bd4 Kf7 47.
Bc3 Ke6 48. Ke3 f5 49. Kd4 f4 50. Bd2 Kf5 51. Kd5 Ba4 52. Kd4 Bc6 53. Kd3 Kg4
54. Ke2 Bb5+ 55. Kf2 Kf5 56. Ba5 Ke4 57. Bc7 Bc6 58. Bb6  1/2-1/2

[Event "28. Erfurter Schachfestival 2018 - Meisterturnier"]
[Site "Erfurt"]
[Date "2018.12.27"]
[Round "2"]
[Board "17"]
[White "Sobolevsky, Leonid"]
[Black "Richter, Philipp"]
[Result "1-0"]
[WhiteElo "2214"]
[BlackElo "2015"]
[PlyCount "75"]
[EventDate "2018.12.26"]
[EventRounds "8"]
[EventCountry "GER"]

1. e4 e6 2. d4 d5 3. Nc3 Bb4 4. Nge2 dxe4 5. a3 Be7 6. Nxe4 Nf6 7. Qd3 Nbd7 8.
Nxf6+ Nxf6 9. Bf4 b6 10. Qg3 Nd5 11. Qxg7 Bf6 12. Qg3 Nxf4 13. Qxf4 Bb7 14. h4
Rg8 15. O-O-O Qe7 16. Nc3 O-O-O 17. f3 Rd7 18. Bb5 c6 19. Bf1 Rgd8 20. Bd3 Rxd4
21. Ne4 Bg7 22. Qe3 c5 23. g4 h6 24. Nc3 c4 25. Be4 Bxe4 26. fxe4 Rxd1+ 27.
Nxd1 Bf6 28. Qe2 Bxh4 29. Qxc4+ Kb8 30. Kb1 Bg5 31. Nc3 Rc8 32. Qa4 Kb7 33. e5
a5 34. Nb5 Rc5 35. Qe4+ Kb8 36. c4 f6 37. exf6 Qxf6 38. Rd1  1-0

[Event "28. Erfurter Schachfestival 2018 - Meisterturnier"]
[Site "Erfurt"]
[Date "2018.12.27"]
[Round "2"]
[Board "18"]
[White "Kaunzinger, Albert"]
[Black "Kucera, Tomas"]
[Result "1-0"]
[WhiteElo "2206"]
[BlackElo "1956"]
[PlyCount "29"]
[EventDate "2018.12.26"]
[EventRounds "8"]
[EventCountry "GER"]

1. d4 Nf6 2. Bf4 d6 3. Nc3 c6 4. e4 Qa5 5. Qd2 b5 6. Bd3 Ba6 7. Nf3 b4 8. Ne2
Bxd3 9. cxd3 Qb5 10. O-O e6 11. d5 e5 12. Bg5 Be7 13. Ng3 c5 14. Nf5 g6 15.
Bxf6  1-0

[Event "28. Erfurter Schachfestival 2018 - Meisterturnier"]
[Site "Erfurt"]
[Date "2018.12.27"]
[Round "2"]
[Board "19"]
[White "Nguyen, Huy Dat"]
[Black "Schlick, Stefan"]
[Result "1/2-1/2"]
[WhiteElo "2178"]
[BlackElo "1945"]
[PlyCount "28"]
[EventDate "2018.12.26"]
[EventRounds "8"]
[EventCountry "GER"]

1. e4 e5 2. Nf3 Nc6 3. Bc4 Bc5 4. c3 Nf6 5. d3 O-O 6. Bb3 d5 7. Qe2 dxe4 8.
dxe4 Qe7 9. Bg5 Nd8 10. Nbd2 Ne6 11. Bxe6 Qxe6 12. O-O a5 13. b3 b6 14. h3 Nh5
 1/2-1/2

[Event "28. Erfurter Schachfestival 2018 - Meisterturnier"]
[Site "Erfurt"]
[Date "2018.12.27"]
[Round "2"]
[Board "20"]
[White "Kemper, Yannick"]
[Black "Schmid, Franz"]
[Result "1/2-1/2"]
[WhiteElo "1877"]
[BlackElo "2176"]
[PlyCount "46"]
[EventDate "2018.12.26"]
[EventRounds "8"]
[EventCountry "GER"]

1. e4 e5 2. Nf3 Nf6 3. Nxe5 d6 4. Nf3 Nxe4 5. Nc3 Nxc3 6. dxc3 Be7 7. Be3 Nc6
8. Qd2 Bg4 9. Nd4 Nxd4 10. Bxd4 O-O 11. f3 Bh4+ 12. Bf2 Re8+ 13. Be2 Bg5 14.
Qd1 Bd7 15. O-O Qf6 16. Bd3 a5 17. a4 Bc6 18. Bb5 Bxb5 19. axb5 Re5 20. Bd4
Be3+ 21. Bxe3 Rxe3 22. Qd5 Ra7 23. b6 cxb6  1/2-1/2

[Event "28. Erfurter Schachfestival 2018 - Hauptturnier"]
[Site "Erfurt"]
[Date "2018.12.26"]
[Round "1"]
[Board "1"]
[White "Czappa, Fabian Alexander"]
[Black "Pruesse, Horst"]
[Result "1-0"]
[WhiteElo "1763"]
[BlackElo "2028"]
[PlyCount "91"]
[EventDate "2018.12.26"]
[EventRounds "8"]
[EventCountry "GER"]

1. e4 c5 2. Nc3 e6 3. f4 d5 4. e5 Ne7 5. Nf3 Nbc6 6. Bb5 Qb6 7. d4 Nf5 8. Bxc6+
bxc6 9. Ne2 Ba6 10. c3 cxd4 11. Nexd4 Nxd4 12. Nxd4 Bc5 13. Qa4 O-O 14. g4 Rac8
15. h4 Be7 16. Qc2 c5 17. Nf3 d4 18. c4 Qb4+ 19. Nd2 f6 20. exf6 Rxf6 21. O-O
Rh6 22. h5 g6 23. a3 Qb8 24. Ne4 gxh5 25. f5 Bf8 26. Bxh6 Bxh6 27. g5 Bg7 28.
f6 Bh8 29. Qh2 Qxh2+ 30. Kxh2 Rb8 31. Rf2 Bxc4 32. Nxc5 Kf7 33. Nd7 Rb5 34. Rc1
Bb3 35. Rc8 Bxf6 36. Nxf6 Ke7 37. Rc7+ Kd6 38. Rd7+ Ke5 39. Rxh7 d3 40. Rxh5
Kd4 41. Rh4+ Ke3 42. Rg2 Rf5 43. Re4+ Kf3 44. Rg3+ Kf2 45. Ng4+ Kf1 46. Rg1#
 1-0

[Event "28. Erfurter Schachfestival 2018 - Hauptturnier"]
[Site "Erfurt"]
[Date "2018.12.26"]
[Round "1"]
[Board "2"]
[White "Minor, Viatcheslav"]
[Black "Kompe, Joerg"]
[Result "1-0"]
[WhiteElo "2022"]
[BlackElo "1763"]
[PlyCount "83"]
[EventDate "2018.12.26"]
[EventRounds "8"]
[EventCountry "GER"]

1. e4 c5 2. d3 Nf6 3. Nf3 d6 4. g3 g6 5. Bg2 Bg7 6. O-O Nc6 7. Re1 O-O 8. c3 e5
9. a3 a5 10. a4 Bd7 11. Na3 Rb8 12. Nb5 Qe7 13. Nd2 Nd8 14. Na3 Bc6 15. Ndc4 b6
16. Ne3 Qd7 17. Nac4 Ne6 18. b3 Rfe8 19. Bb2 Nc7 20. Qd2 d5 21. exd5 Nfxd5 22.
Rad1 Nxe3 23. Nxe3 Bxg2 24. Nxg2 b5 25. Qc2 bxa4 26. bxa4 Nd5 27. Ba3 Qc6 28.
Ne3 Nxe3 29. Rxe3 Red8 30. Re4 Rd5 31. Rc4 Rbd8 32. Qe2 Qb6 33. Bc1 Qe6 34. Bg5
R8d7 35. Be3 Qd6 36. Re1 Rb7 37. Qf3 Rb3 38. Qe2 Rxd3 39. Rxc5 Rdxc3 40. Rxa5
Qb4 41. Ra8+ Bf8 42. Bh6  1-0

[Event "28. Erfurter Schachfestival 2018 - Hauptturnier"]
[Site "Erfurt"]
[Date "2018.12.26"]
[Round "1"]
[Board "3"]
[White "Reinhardt, Michael"]
[Black "Goeke, Bernd"]
[Result "1/2-1/2"]
[WhiteElo "1760"]
[BlackElo "2021"]
[PlyCount "42"]
[EventDate "2018.12.26"]
[EventRounds "8"]
[EventCountry "GER"]

1. b3 Nf6 2. Bb2 g6 3. e3 Bg7 4. Nf3 O-O 5. Be2 c5 6. O-O d5 7. c4 dxc4 8. bxc4
Nc6 9. Qb3 Qc7 10. Nc3 e6 11. Nb5 Qb8 12. Rfd1 e5 13. d3 h6 14. Rac1 Rd8 15. d4
exd4 16. exd4 cxd4 17. Nbxd4 Bg4 18. h3 Nxd4 19. Nxd4 Bxe2 20. Nxe2 Rxd1+ 21.
Rxd1 Qc7  1/2-1/2

[Event "28. Erfurter Schachfestival 2018 - Hauptturnier"]
[Site "Erfurt"]
[Date "2018.12.26"]
[Round "1"]
[Board "4"]
[White "Siebarth, Marco"]
[Black "Krueger, Christian"]
[Result "1-0"]
[WhiteElo "2008"]
[BlackElo "1757"]
[PlyCount "54"]
[EventDate "2018.12.26"]
[EventRounds "8"]
[EventCountry "GER"]

1. e4 e6 2. d4 d5 3. Nd2 Nf6 4. e5 Nfd7 5. Bd3 c5 6. c3 Nc6 7. Ne2 Be7 8. O-O
O-O 9. Nf3 f6 10. Nf4 Nb6 11. exf6 Bxf6 12. dxc5 e5 13. cxb6 exf4 14. Bxf4 Bxc3
15. Bc7 Qf6 16. bxc3 Bg4 17. Be2 axb6 18. h3 Be6 19. Nd4 Rae8 20. Nxe6 Rxe6 21.
Bg4 Ree8 22. Qxd5+ Kh8 23. Bxb6 Re5 24. Qd3 Rg5 25. Bd4 Qf7 26. Qe3 h6 27. Qe6
Qc7  1-0

[Event "28. Erfurter Schachfestival 2018 - Hauptturnier"]
[Site "Erfurt"]
[Date "2018.12.26"]
[Round "1"]
[Board "5"]
[White "Homberger, Jan"]
[Black "Simon, Jonathan"]
[Result "0-1"]
[WhiteElo "1753"]
[BlackElo "1987"]
[PlyCount "62"]
[EventDate "2018.12.26"]
[EventRounds "8"]
[EventCountry "GER"]

1. d4 Nf6 2. Bf4 g6 3. Nc3 Bg7 4. e4 d6 5. Nf3 c5 6. dxc5 Qa5 7. Qd2 Qxc5 8.
Be2 Nc6 9. a3 Bg4 10. b4 Qb6 11. Be3 Qd8 12. Rd1 O-O 13. O-O Nd7 14. Bh6 Rc8
15. Nd5 Bxf3 16. Bxf3 Nce5 17. Be2 Bxh6 18. Qxh6 Rxc2 19. Bd3 Rc8 20. f4 Ng4
21. Qg5 Ngf6 22. Rf3 Kg7 23. Rh3 Ng8 24. Nxe7 Qxe7 25. Qd5 Nb6 26. Qd4+ Qf6 27.
e5 dxe5 28. fxe5 Qe6 29. Rf1 Rfd8 30. Qh4 h5 31. g4 Qxg4+  0-1

[Event "28. Erfurter Schachfestival 2018 - Hauptturnier"]
[Site "Erfurt"]
[Date "2018.12.26"]
[Round "1"]
[Board "6"]
[White "Haugk, Franko"]
[Black "Moeller (EF), Frank"]
[Result "0-1"]
[WhiteElo "1985"]
[BlackElo "1743"]
[PlyCount "50"]
[EventDate "2018.12.26"]
[EventRounds "8"]
[EventCountry "GER"]

1. e4 e6 2. d4 d5 3. Nc3 Bb4 4. e5 c5 5. a3 Bxc3+ 6. bxc3 Ne7 7. Nf3 Nbc6 8.
Be2 Bd7 9. O-O O-O 10. Bg5 Qa5 11. c4 cxd4 12. Bd3 h6 13. Bd2 Qc7 14. Qe2 dxc4
15. Bxc4 Ng6 16. Bb4 Ncxe5 17. Nxe5 Nxe5 18. Bxf8 Nxc4 19. Bb4 Rc8 20. Rfc1 Qf4
21. g3 Qf5 22. Bd2 Bc6 23. Rf1 Bf3 24. Qd3 Be4 25. Qe2 Nxd2  0-1

[Event "28. Erfurter Schachfestival 2018 - Hauptturnier"]
[Site "Erfurt"]
[Date "2018.12.26"]
[Round "1"]
[Board "7"]
[White "Schneider, Kevin"]
[Black "Link, Robert"]
[Result "0-1"]
[WhiteElo "1738"]
[BlackElo "1979"]
[PlyCount "80"]
[EventDate "2018.12.26"]
[EventRounds "8"]
[EventCountry "GER"]

1. e4 c5 2. Nc3 e6 3. g3 d5 4. exd5 exd5 5. d4 Be6 6. Nf3 Nc6 7. Bg2 Nf6 8. O-O
Be7 9. Be3 c4 10. Ne2 O-O 11. c3 h6 12. Ne5 Bd6 13. Nxc6 bxc6 14. b4 Bf5 15.
Bf4 Bd3 16. Bxd6 Qxd6 17. Re1 a5 18. Nf4 Bf5 19. a3 Rfb8 20. f3 Re8 21. Rxe8+
Nxe8 22. Kf2 Nc7 23. Bh3 Bxh3 24. Nxh3 Nb5 25. Qc1 Qe7 26. Ng1 Qg5 27. a4 Qxc1
28. Rxc1 Nxc3 29. Rxc3 axb4 30. Rc2 Rxa4 31. Ne2 b3 32. Rb2 Ra2 33. Rb1 Rc2 34.
h4 Kf8 35. Ke3 Ke7 36. Nc1 Kd6 37. Nxb3 Rc3+ 38. Kd2 Rxb3 39. Rxb3 cxb3 40. Kc3
c5  0-1

[Event "28. Erfurter Schachfestival 2018 - Hauptturnier"]
[Site "Erfurt"]
[Date "2018.12.26"]
[Round "1"]
[Board "8"]
[White "Angermaier, Georg"]
[Black "Bonath, Michael Alexander"]
[Result "1-0"]
[WhiteElo "1961"]
[BlackElo "1736"]
[PlyCount "53"]
[EventDate "2018.12.26"]
[EventRounds "8"]
[EventCountry "GER"]

1. e4 e6 2. d4 d5 3. Nd2 c5 4. Ngf3 Nf6 5. e5 Nfd7 6. c3 Nc6 7. Be2 Qb6 8. Nb3
cxd4 9. cxd4 a5 10. Rb1 a4 11. Na1 Be7 12. Nc2 O-O 13. O-O f6 14. exf6 Nxf6 15.
Bd3 Qc7 16. h3 Bd7 17. Qe2 Nh5 18. Ng5 Ng3 19. fxg3 Rxf1+ 20. Kxf1 Qxg3 21.
Bxh7+ Kh8 22. Qh5 Bxg5 23. Bxg5 Rf8+ 24. Kg1 Rf2 25. Bg6+ Kg8 26. Qh7+ Kf8 27.
Qh8#  1-0

[Event "28. Erfurter Schachfestival 2018 - Hauptturnier"]
[Site "Erfurt"]
[Date "2018.12.26"]
[Round "1"]
[Board "9"]
[White "Deschner, Juergen"]
[Black "Schoenrock, Ruediger"]
[Result "1/2-1/2"]
[WhiteElo "1730"]
[BlackElo "1961"]
[PlyCount "56"]
[EventDate "2018.12.26"]
[EventRounds "8"]
[EventCountry "GER"]

1. c4 c6 2. Nf3 d5 3. g3 Nf6 4. Bg2 dxc4 5. O-O Nbd7 6. Qc2 Nb6 7. Na3 Qd5 8.
b3 Bf5 9. bxc4 Qxf3 10. Bxf3 Bxc2 11. Nxc2 Nxc4 12. Rb1 O-O-O 13. d3 Ne5 14.
Bg2 e6 15. Be3 a6 16. h3 Bd6 17. f4 Ned7 18. Rfc1 e5 19. fxe5 Nxe5 20. Nd4 Rhe8
21. Nf5 g6 22. Nxd6+ Rxd6 23. Bf2 Ned7 24. Rb2 Nd5 25. e4 N5f6 26. Rc3 b5 27.
g4 h6 28. a4 Ne5  1/2-1/2

[Event "28. Erfurter Schachfestival 2018 - Hauptturnier"]
[Site "Erfurt"]
[Date "2018.12.26"]
[Round "1"]
[Board "10"]
[White "Link, Klaus"]
[Black "Henschen, Patrick"]
[Result "1-0"]
[WhiteElo "1955"]
[BlackElo "1728"]
[PlyCount "65"]
[EventDate "2018.12.26"]
[EventRounds "8"]
[EventCountry "GER"]

1. e4 c6 2. d4 d5 3. exd5 cxd5 4. c4 Nf6 5. Nc3 g6 6. Qb3 Nbd7 7. cxd5 Bg7 8.
Be2 O-O 9. Bf3 Nb6 10. Nge2 Bg4 11. Bxg4 Nxg4 12. Bf4 Nf6 13. d6 exd6 14. d5
Re8 15. Be3 Ne4 16. O-O Rc8 17. Nxe4 Rxe4 18. Rac1 Qd7 19. Rxc8+ Qxc8 20. Ng3
Rc4 21. Bxb6 axb6 22. Qxb6 Be5 23. b3 Rc5 24. Rd1 Rc2 25. h3 Rxa2 26. Qe3 Bxg3
27. Qxg3 Qc5 28. h4 Rc2 29. Qf4 Kg7 30. h5 h6 31. hxg6 Kxg6 32. Rd3 Qc7 33.
Rg3+  1-0

[Event "28. Erfurter Schachfestival 2018 - Hauptturnier"]
[Site "Erfurt"]
[Date "2018.12.27"]
[Round "2"]
[Board "1"]
[White "Schimmer, Michael"]
[Black "Minor, Viatcheslav"]
[Result "0-1"]
[WhiteElo "1792"]
[BlackElo "2022"]
[PlyCount "100"]
[EventDate "2018.12.26"]
[EventRounds "8"]
[EventCountry "GER"]

1. e4 b6 2. d4 Bb7 3. Bd3 e6 4. Nf3 Nf6 5. Qe2 c5 6. c3 Nc6 7. d5 Na5 8. c4
exd5 9. exd5+ Qe7 10. Nc3 Qxe2+ 11. Bxe2 Ba6 12. b3 Be7 13. O-O O-O 14. Re1
Rfe8 15. h3 Nb7 16. Bf4 Nd6 17. Bd3 Bf8 18. Ne5 h6 19. a4 Nb7 20. Nb5 Bxb5 21.
axb5 g6 22. Bc2 Bg7 23. Rad1 Red8 24. Nd3 Nh5 25. Bd2 a6 26. bxa6 Rxa6 27. b4
cxb4 28. Nxb4 Raa8 29. Rb1 Nc5 30. Bd1 Nf6 31. Bf3 Ra3 32. Re3 Rda8 33. Kh2
Rxe3 34. Bxe3 Rc8 35. Rc1 Bf8 36. Bf4 Nb3 37. Rc3 Nd4 38. Na2 Nxf3+ 39. Rxf3
Rxc4 40. Nc3 Nh5 41. Bd2 Bd6+ 42. Kg1 Bb4 43. g4 Ng7 44. Kg2 h5 45. g5 Nf5 46.
Rd3 Kf8 47. Ne2 Bxd2 48. Rxd2 b5 49. Rd3 b4 50. Kf3 Ke7  0-1